The Admiralty Manual of Navigation- Vol. I: Principles of Navigation, BR-45(1) / (Record no. 1607)

000 -LEADER
fixed length control field 00709nam a2200229Ia 4500
007 - PHYSICAL DESCRIPTION FIXED FIELD--GENERAL INFORMATION
fixed length control field ta
008 - FIXED-LENGTH DATA ELEMENTS--GENERAL INFORMATION
fixed length control field 190719t2008 xxkadb|g||||||||1 ||und||
020 ## - INTERNATIONAL STANDARD BOOK NUMBER
International Standard Book Number 1870077903
Terms of availability £ 95.00
040 ## - CATALOGING SOURCE
Original cataloging agency IMU Kochi Library
Language of cataloging eng
041 0# - LANGUAGE CODE
Language code of text/sound track or separate title eng
044 ## - COUNTRY OF PUBLISHING/PRODUCING ENTITY CODE
MARC country code United Kingdom
082 04 - DEWEY DECIMAL CLASSIFICATION NUMBER
Classification number 623.89
Item number C7359
Edition number 23
110 ## - MAIN ENTRY--CORPORATE NAME
Corporate name or jurisdiction name as entry element Great Britain.
Subordinate unit Royal Navy
245 #4 - TITLE STATEMENT
Title The Admiralty Manual of Navigation- Vol. I: Principles of Navigation, BR-45(1) /
250 ## - EDITION STATEMENT
Edition statement 10th ed.
260 ## - PUBLICATION, DISTRIBUTION, ETC. (IMPRINT)
Place of publication, distribution, etc London :
Name of publisher, distributor, etc The Nautical Institute ,
Date of publication, distribution, etc 2008.
300 ## - PHYSICAL DESCRIPTION
Extent various pagination :
Other physical details col. ill., Maps ;
Dimensions 30 cm.
650 ## - SUBJECT ADDED ENTRY--TOPICAL TERM
Topical term or geographic name as entry element Navigation
Form subdivision Handbooks, manuals, etc.
852 ## - LOCATION/CALL NUMBER
Location IMU Kochi Library
904 ## - LOCAL DATA ELEMENT D, LDD (RLIN)
CATALOGER Akhil Bose
942 ## - ADDED ENTRY ELEMENTS (KOHA)
Item type Books
Holdings
Withdrawn status Lost status Source of classification or shelving scheme Damaged status Not for loan Collection code Permanent location Current location Shelving location Date acquired Source of acquisition Cost, normal purchase price Total Checkouts Full call number Barcode Date last seen Date last borrowed Koha item type Public note
          Admiralty Publication IMU Kochi Library IMU Kochi Library Reference 2012-06-29 M/s Sterling Book House (Inv. No.861 dt. 2012-08-13) 8692.50 2 623.89 C7359 BK000437 2022-12-09 2022-12-09 Reference book Shelf-4, Row-3


Copyright © All Rights Reserved by Indian Maritime University, Kochi Campus.
For any Suggestions/Query Contact to library or Email: library.kochi@imu.ac.in Ph:(0484)-2989402
(Web OPAC Designed by Rudra Ranjan. Maintained by IMU Kochi Library)

Powered by Koha